Popularne zagraniczne piosenki w Polsce. 12-18.02 Spotify - Statystyki

Ogólne statystyki
  • Ten quiz został rozwiązany 8 razy
  • Średni wynik to 8 z 30
Statystyki odpowiedzi
Wykonawca Odsłuchania Utwór % Poprawnych
The Weeknd 399K Blinding Lights
100%
The Weeknd 555K Save Your Tears
75%
Olivia Rodrigo 646K drivers license
50%
Internet Money, Gunna, Don Toliver, NAV 193K Lemonade
50%
Dua Lipa, DaBaby 321K Levitating
50%
24kGoldn, iann dior 340K Mood
50%
Harry Styles 207K Watermelon Sugar
50%
Shawn Mendes, Justin Bieber 222K Monster
38%
Ariana Grande 237K positions
38%
Doja Cat 343K Streets
38%
The Neighbourhood 286K Sweater Weather
38%
CJ 198K Whoopty
38%
The Neighbourhood 209K Daddy Issues
25%
Alok, Ilkay Sencan, Tove Lo 248K Don't Say Goodbye
25%
Justin Bieber, benny blanco 190K Lonely
25%
Miley Cyrus, Dua Lipa 302K Prisoner
25%
SAINt JHN, Imanbek 201K Roses
25%
Tiesto 432K The Business
25%
Billie Eilish 252K Therefore I Am
25%
Joel Corry, MNEK 224K Head & Heart
13%
MEDUZA, Dermot Kennedy 331K Paradise
13%
Robin Schulz, KIDDO 256K All We Got
0%
Foushee 180K Deep End
0%
Ofenbach, Quarterhead, Norma Jean Martine 202K Head Shoulders Knees & Toes
0%
Purple Disco Machine, Sophie and the Giants 195K Hipnotized
0%
Ava Max 182K My Head & My Heart
0%
Dua Lipa 256K We're Good
0%
Arctic Monkeys 190K Why'd You Only Call Me When You're High
0%
The Kid LAROI 206K WITHOUT YOU
0%
Tate McRae 258K you broke me first
0%
Nie znaleziono quizów pasujących do podanych kryteriów
Rozkład punktacji
Procent ludzi z każdym wynikiem
Percentyl według liczby udzielonych odpowiedzi
Twoja historia wyników
Nie rozwiązałeś tego quizu